000 00557nam a22001817a 4500
003 KOHA_MİRAKIL
005 20251219111812.0
008 251219b tu ||||| |||| 00| 0 tur d
020 _a9786254450617
040 _aTR-AnABB
_btur
_cTR-AnABB
041 _atur
082 _a364.133
_bYAS 2023
245 1 0 _aYasa dışı uyuşturucu ticaretinde internetin kullanımı /
260 _aAnkara :
_bJandarma ve Sahil Güvenlik Akademisi Yayınları,
_c2023
300 _a118 sayfa ;
_c24 cm
650 0 4 _aUyuşturucu kaçakçılığı
942 _2ddc
_cBK
999 _c9800
_d9800
900 _bGizem YORULMAZ